[Event "Heraclion op 10th"]
[Site "Athens"]
[Date "2006.06.15"]
[Round "6"]
[White "Lagos, Thomas"]
[Black "Koukoufikis, Ioannis"]
[Result "1-0"]
[WhiteElo "1668"]
[BlackElo "1918"]
[PlyCount "105"]
[EventDate "2006.06.10"]
[EventType "swiss"]
[EventRounds "9"]
[EventCountry "GRE"]
[SourceTitle "CBM 112 Extra"]
[Source "ChessBase"]
[SourceDate "2006.07.14"]
[SourceVersion "1"]
[SourceVersionDate "2006.07.14"]
[SourceQuality "1"]

1. e4 d6 2. Nc3 g6 3. f4 Nf6 4. Nf3 Bg7 5. Bc4 0-0 6. h3 c6 7. Bb3 b5 8. d3 Bb7 9. e5 Ne8 10. e6 f6 11. g4 a5 12. a4 b4 13. Ne4 Na6 14. f5 d5 15. Ng3 Qd6 16. Kf2 Nc5 17. d4 Nxb3 18. cxb3 Qc7 19. Be3 Nd6 20. Qc2 Ne4+ 21. Nxe4 dxe4 22. Nd2 Rfd8 23. Rac1 Rd5 24. Nxe4 gxf5 25. gxf5 Rxf5+ 26. Ke2 Rc8 27. Nc5 Rh5 28. Qe4 f5 29. Qg2 Kh8 30. Rhg1 Bf6 31. Nxb7 f4 32. Rxc6 Qxc6 33. Qxc6 Rxc6 34. Nd8 h6 35. Nxc6 fxe3 36. Rg3 Rd5 37. Kxe3 Rd6 38. Nxa5 Rxe6+ 39. Kd3 Rd6 40. Rg4 e5 41. Nb7 Rd7 42. Nc5 Rd6 43. Kc4 exd4 44. Ne4 Re6 45. Nxf6 Rxf6 46. Rxd4 Rf2 47. Kxb4 Rxb2 48. a5 Re2 49. Kc5 Re3 50. b4 Rxh3 51. a6 Kg7 52. a7 Ra3 53. Kb6 1-0

[Event "Heraclion op 10th"]
[Site "Athens"]
[Date "2006.06.13"]
[Round "4"]
[White "Lagos, Thomas"]
[Black "Hoxha, Ilir"]
[Result "1-0"]
[WhiteElo "1668"]
[BlackElo "1949"]
[PlyCount "71"]
[EventDate "2006.06.10"]
[EventType "swiss"]
[EventRounds "9"]
[EventCountry "GRE"]
[SourceTitle "CBM 112 Extra"]
[Source "ChessBase"]
[SourceDate "2006.07.14"]
[SourceVersion "1"]
[SourceVersionDate "2006.07.14"]
[SourceQuality "1"]

1. e4 e5 2. Nf3 d6 3. Bc4 c6 4. Nc3 g6 5. d3 h6 6. d4 Qe7 7. dxe5 dxe5 8. Be3 Nf6 9. h3 Bg7 10. Qd2 b5 11. Bd3 Be6 12. Nxe5 Nxe4 13. Nxe4 Bxe5 14. c3 Nd7 15. Bxh6 Bd5 16. 0-0 0-0-0 17. Rfe1 Bxe4 18. Bxe4 Nc5 19. Qe3 Rde8 20. Bxc6 Qd6 21. Bxe8 Rxe8 22. f4 f6 23. fxe5 fxe5 24. Rad1 Qc7 25. Bf4 Nd7 26. Rd5 Qc4 27. Red1 Nb6 28. Rc5+ Kb7 29. Rxc4 Nxc4 30. Qe4+ Ka6 31. Qc6+ Nb6 32. Qxe8 exf4 33. b4 g5 34. Qb8 g4 35. Rd6 f3 36. Qc8# 1-0

[Event "Attica-ch U18"]
[Site "Athens"]
[Date "2005.12.27"]
[Round "1.2"]
[White "Lagos, Thomas"]
[Black "Antoniou, Dimitrios"]
[Result "0-1"]
[WhiteElo "1830"]
[BlackElo "1948"]
[PlyCount "96"]
[EventDate "2005.12.27"]
[EventType "swiss"]
[EventRounds "6"]
[EventCountry "GRE"]
[SourceTitle "EXT 2024"]
[Source "ChessBase"]
[SourceDate "2023.10.10"]
[SourceVersion "1"]
[SourceVersionDate "2023.10.10"]
[SourceQuality "1"]

1. d4 d5 2. Nf3 Nf6 3. Bf4 Bf5 4. Nbd2 e6 5. e3 Bd6 6. Bg3 h6 7. Be2 c6 8. 0-0 Qc7 9. Bxd6 Qxd6 10. Ne5 Nbd7 11. f4 Ne4 12. Nxe4 Bxe4 13. c3 0-0 14. Nxd7 Qxd7 15. b4 Qe7 16. Qd2 Kh8 17. g3 g5 18. a3 Kg7 19. Rf2 Rh8 20. Bd1 h5 21. Qe1 g4 22. Rd2 f5 23. h4 gxh3 24. Kh2 Bg2 25. Qf2 Kf7 26. Bf3 Rag8 27. Bxg2 hxg2 28. Qxg2 h4 29. Rh1 Rxg3 30. Qe2 Kf8 31. Rg1 Qg7 32. Qe1 Rg8 33. Rxg3 Qxg3+ 34. Qxg3 Rxg3 35. Re2 b5 36. Kh1 Kf7 37. Kh2 Kg6 38. Rg2 Rxg2+ 39. Kxg2 Kh5 40. Kh3 a6 41. Kh2 Kg4 42. Kg2 h3+ 43. Kh2 Kf3 44. Kxh3 Kxe3 45. Kg3 Kd3 46. Kh4 Kxc3 47. Kg5 Kxd4 48. Kf6 Ke4 0-1